| 000 | 00816nam a22002777a 4500 | ||
|---|---|---|---|
| 003 | CHAP | ||
| 005 | 20220817044026.0 | ||
| 008 | 050523d2005 it rn 00110 eng d | ||
| 010 | _a90307 | ||
| 011 | _a91279 | ||
| 020 | _a925105262X | ||
| 035 | _a101837 | ||
| 040 | _cCHAP | ||
| 082 | 0 | 4 |
_a636.0896 _bF35 v.7 |
| 110 | 2 | _aFAO | |
| 245 | 1 | 0 |
_aTrypanotolerant livestock in the context of trypanosomiasis intervention strategies _c/by FAO |
| 260 |
_aRome : _bFAO, _c2005. |
||
| 300 | _a66 p. | ||
| 490 | 0 |
_aPAAT. _pTechnical and scientific series _v; 7 |
|
| 590 |
_aCONVERSION _b10 _c20130109 _lUCH01 _h1350 |
||
| 830 | 0 |
_aPAAT. _pTechnical and scientific series _v; 7 _984507 |
|
| 901 | _aBK | ||
| 905 | _aLilia | ||
| 942 | _cLIBRO | ||
| 949 |
_a636.0896 F35 V7 _bBC _cFAO _d33724000950978 _eFAO1 _h105669 _i101837 _sb |
||
| 999 |
_c90307 _d90307 |
||